[Event "Preinscritos IRT Online"]
[Site "Chess.com INT"]
[Date "2020.12.26"]
[Round "9"]
[White "Rosero Espinosa, Andy Santiago"]
[Black "Rodriguez Portilla, Alexis Daniel"]
[Result "1-0"]
[WhiteElo "1406"]
[BlackElo "1081"]
[PlyCount "45"]
[EventDate "2020.12.26"]
[EventType "swiss"]
[EventRounds "11"]
[EventCountry "ECU"]
[SourceTitle "CBM 200 Extra"]
[Source "ChessBase"]
[SourceDate "2021.03.31"]
[SourceVersion "1"]
[SourceVersionDate "2021.03.31"]
[SourceQuality "1"]

1. c4 c5 2. Nc3 Nc6 3. g3 d6 4. Bg2 g6 5. e3 Bg7 6. Bxc6+ bxc6 7. d4 cxd4 8. exd4 Bb7 9. d5 cxd5 10. cxd5 Nf6 11. Qa4+ Nd7 12. Nge2 0-0 13. 0-0 Nc5 14. Qh4 Bf6 15. Bg5 Bg7 16. Bh6 Nd3 17. Bxg7 Kxg7 18. Qd4+ Ne5 19. f4 f5 20. fxe5 dxe5 21. Qxe5+ Rf6 22. Nf4 Rc8 23. Ne6+ 1-0